000 00334 a2200145 4500
001 52318
020 _a
040 _cAnchieta - Pituba
100 _aEvert
240 1 0 _a1ª Português / Literatura, I unidade
_lpor
245 1 0 _a1ª Português / Literatura, I unidade
300 _a7
650 4 _aLíngua Portuguesa
942 _cBK
999 _c52318
_d52318